=LDR 00000nam 2200000 4500 =001 INLIS000000000034977 =005 20200819012729 =035 ##$$a 0010-061300000034977 =008 200819################g##########0#ind## =041 ##$$a ind =082 ##$$a 2x9.86 =090 ##$$a 2x9.86, Suc g =100 ##$$a Sucipto, Hery =245 1#$$a The great muslim scientist : $b Pemikiran dan penemuan 22 ilmuwan muslim kebanggaan dunia /$c Hery Sucipto =260 ##$$a Jakarta :$b Grafindo Khazanah Ilmu,$c 2008 =300 ##$$a 194 hlm. ; $c 13,5x20,5 cm. =650 #4$$a Biografi Ilmuwan Muslim =850 ##$$a NBPNMAT =020 ##$$a 978-979-3858-33-8 =084 ##$$a 2x9.86 SUC t =504 ##$$a indeks : hlm. 189-194 =990 ##$$a 21007061 =990 ##$$a 21007059 =990 ##$$a 21007060